[Event "Sharjah Cup (Women) 12th"]
[Site "Sharjah"]
[Date "2022.12.11"]
[Round "4"]
[White "Shamsa, Amer"]
[Black "Mohamed Azzab, Mareim"]
[Result "0-1"]
[WhiteElo "1090"]
[BlackElo "1613"]
[PlyCount "78"]
[EventDate "2022.12.09"]
[EventType "swiss"]
[EventRounds "9"]
[EventCountry "UAE"]
[SourceTitle "CBM 211 Extra"]
[Source "ChessBase"]
[SourceDate "2023.01.31"]
[SourceVersion "1"]
[SourceVersionDate "2023.01.31"]
[SourceQuality "1"]

1. e4 c6 2. d4 d5 3. Nc3 dxe4 4. Nxe4 Bf5 5. Ng3 Bg6 6. h4 h6 7. Nf3 Nd7 8. Bd3 Bxd3 9. Qxd3 e6 10. c3 Ngf6 11. Bd2 Be7 12. 0-0-0 0-0 13. Nf1 Qc7 14. Ne3 a5 15. g4 Nd5 16. Nxd5 cxd5 17. g5 h5 18. Rde1 g6 19. Ng1 Bd6 20. Nh3 a4 21. f4 Rfe8 22. Re2 Nb6 23. Rhe1 Nc4 24. Qc2 b5 25. Rf1 Rab8 26. Rf3 Qa7 27. Nf2 b4 28. Qd1 Rec8 29. Be1 bxc3 30. Bxc3 Bb4 31. Rc2 Bd6 32. Nd3 Qb7 33. Rff2 Ne3 34. Qe1 Nxc2 35. Rxc2 Rc4 36. Ne5 Bxe5 37. fxe5 Rbc8 38. Qe3 Qc7 39. Kd1 a3 0-1

[Event "Wch U10 Girls"]
[Site "Batumi"]
[Date "2016.10.20"]
[Round "2"]
[White "Shamsa, Amer"]
[Black "Gabelaia, Mariam"]
[Result "0-1"]
[WhiteElo "1002"]
[BlackElo "1160"]
[PlyCount "60"]
[EventDate "2016.10.19"]
[EventType "swiss"]
[EventRounds "11"]
[EventCountry "GEO"]
[SourceTitle "EXT 2018"]
[Source "ChessBase"]
[SourceDate "2017.10.13"]
[SourceVersion "1"]
[SourceVersionDate "2017.10.13"]
[SourceQuality "1"]

1. e4 e6 2. d4 d5 3. exd5 exd5 4. Nc3 Nf6 5. Nf3 Bd6 6. Bg5 c6 7. Bd3 0-0 8. 0-0 Nbd7 9. Re1 h6 10. Bh4 Re8 11. Qd2 Rxe1+ 12. Rxe1 Nf8 13. Ne5 N8d7 14. Nxd7 Bxd7 15. Qe3 Ng4 16. Bxd8 Nxe3 17. Rxe3 Rxd8 18. a3 Be6 19. Na4 b6 20. b4 Bf4 21. Re2 Bc1 22. c3 Bf4 23. b5 Bd7 24. c4 dxc4 25. Bxc4 cxb5 26. Re7 bxc4 27. Re4 Bxh2+ 28. Kxh2 Bxa4 29. Re7 Rc8 30. Rxa7 c3 0-1